000 00387nam a22001457a 4500
020 _a978-93-86037-81-7
082 _a920
_bGAN/G
100 _aGANDHI
245 _aGANDHI
_bMY EXPERIMENTS WITH TRUTH
246 _aMY EXPERIMENTS WITH TRUTH
_bMY EXPERIMENTS WITH TRUTH
260 _aERNAKULAM
_bKERALA BOOK HOUSE
300 _a464
650 _aAUTOBIOGRAPHY
_zERNAKULAM
942 _cBK
999 _c5562
_d5562